An introduction to Filipino Sign Language (Record no. 4715)

MARC details
000 -LEADER
fixed length control field 00854nam a22002417a 4500
003 - CONTROL NUMBER IDENTIFIER
control field OSt
005 - DATE AND TIME OF LATEST TRANSACTION
control field 20251024013329.0
008 - FIXED-LENGTH DATA ELEMENTS--GENERAL INFORMATION
fixed length control field 251008b |||||||| |||| 00| 0 eng d
020 ## - INTERNATIONAL STANDARD BOOK NUMBER
International Standard Book Number 971-92956-2-7 (pt 1a); 97
040 ## - CATALOGING SOURCE
Original cataloging agency DWCL-Main lib
Transcribing agency OC
082 ## - DEWEY DECIMAL CLASSIFICATION NUMBER
Classification number Fil. 419.599 In61 2004
110 ## - MAIN ENTRY--CORPORATE NAME
Corporate name or jurisdiction name as entry element Philippine Deaf Resource Center
245 ## - TITLE STATEMENT
Title An introduction to Filipino Sign Language
260 ## - PUBLICATION, DISTRIBUTION, ETC.
Place of publication, distribution, etc. Quezon City :
Name of publisher, distributor, etc. Philippine Deaf Resource Center : Philippine Federation of the Deaf,
Date of publication, distribution, etc. c2004.
300 ## - PHYSICAL DESCRIPTION
Extent xix, 162 p. :
Other physical details illustration ;
Dimensions 21 cm.
504 ## - BIBLIOGRAPHY, ETC. NOTE
Bibliography, etc. note Includes index.
650 ## - SUBJECT ADDED ENTRY--TOPICAL TERM
Source of heading or term 1. Deaf communications.
650 ## - SUBJECT ADDED ENTRY--TOPICAL TERM
Source of heading or term 2. Philippine sign language.
650 ## - SUBJECT ADDED ENTRY--TOPICAL TERM
Source of heading or term 3. Sign language--Philippines.
650 ## - SUBJECT ADDED ENTRY--TOPICAL TERM
Source of heading or term 4. Sign language--Study and teaching--Philippines.
710 ## - ADDED ENTRY--CORPORATE NAME
Corporate name or jurisdiction name as entry element Philippine Federation of Deaf
942 ## - ADDED ENTRY ELEMENTS (KOHA)
Source of classification or shelving scheme Dewey Decimal Classification
Koha item type Book-Filipiniana
Call number prefix Fil.
Suppress in OPAC No
952 ## - LOCATION AND ITEM INFORMATION (KOHA)
--
952 ## - LOCATION AND ITEM INFORMATION (KOHA)
--
952 ## - LOCATION AND ITEM INFORMATION (KOHA)
--
952 ## - LOCATION AND ITEM INFORMATION (KOHA)
--
Holdings
Withdrawn status Lost status Source of classification or shelving scheme Damaged status Not for loan Home library Current library Shelving location Date acquired Cost, normal purchase price Total Checkouts Full call number Barcode Date last seen Copy number Price effective from Koha item type Uniform Resource Identifier
    Dewey Decimal Classification     College Library College Library Filipiniana 12/28/2008 0.00   Fil. 419.599 In61 2004 46463 10/08/2025 c1 10/08/2025 BK - FIL
    Dewey Decimal Classification     College Library College Library Filipiniana 12/28/2008 0.00   Fil. 419.599 In61 2004 46462 10/08/2025 c2 10/08/2025 BK - FIL
    Dewey Decimal Classification     College Library College Library Filipiniana 12/28/2008 0.00   Fil. 419.599 In61 2004 46461 10/08/2025 c3 10/08/2025 BK - FIL
    Dewey Decimal Classification     College Library College Library Filipiniana 12/28/2008 0.00   Fil. 419.599 In61 2004 46460 10/08/2025 c3 10/08/2025 BK - FIL